MLS Team by Value - Statistics

General Stats
  • This quiz has been taken 16 times
  • The average score is 24 of 29
Answer Stats
Value Team % Correct
.550 Houston Dynamo FC
100%
1.0 LA Galaxy
100%
1.25 Los Angeles FC
100%
.800 Seattle Sounders
100%
.825 Austin FC
93%
.545 FC Dallas
93%
1.2 Inter Miami FC
93%
.440 Vancouver Whitecaps FC
93%
.535 New England Revolution
87%
.875 New York City FC
87%
.580 New York Red Bulls
87%
.475 Orlando City SC
87%
.690 Philadelphia Union
87%
.670 Portland Timbers
87%
.540 San Jose Earthquakes
87%
.725 Toronto FC
87%
.435 CF Montreal
80%
.700 Charlotte FC
80%
.415 Colorado Rapids FC
80%
.650 Sporting Kansas City
80%
.975 Atlanta United FC
73%
.530 Chicago Fire FC
73%
.735 Columbus Crew
73%
.785 D.C United
73%
.730 FC Cincinnati
73%
.610 Minnesota United FC
73%
.570 Nashville SC
73%
.500 Real Salt Lake
67%
.685 St. Louis City FC
67%
No matching quizzes found
Score Distribution
Percent of People with Each Score
Percentile by Number Answered
Your Score History
You have not taken this quiz